<?xml version="1.0" encoding="UTF-8" ?>
<collection xmlns="http://www.loc.gov/MARC21/slim"><record><leader>00857nam a2200217 nc4500</leader><controlfield tag="001">26077</controlfield><controlfield tag="003">CH-000273-5</controlfield><controlfield tag="005">20161223170550.0</controlfield><datafield tag="035" ind1=" " ind2=" "><subfield code="a">(OCoLC)906882142</subfield></datafield><datafield tag="041" ind1=" " ind2=" "><subfield code="a">ger</subfield></datafield><datafield tag="245" ind1="0" ind2="0"><subfield code="a">Was ist der Dadaismus und was will er in Deutschland?</subfield><subfield code="c">[Herausgeber:] Der dadaistische revolutionäre Zentralrat Gruppe Deutschland: Hausmann, Huelsenbeck, Golyscheff</subfield><subfield code="h">Akzidenz</subfield></datafield><datafield tag="260" ind1=" " ind2=" "><subfield code="a">[Berlin]</subfield><subfield code="c">[1919]</subfield></datafield><datafield tag="300" ind1=" " ind2=" "><subfield code="a">[2] S.</subfield><subfield code="c">20,5 x 14,7 cm, in Passepartout</subfield></datafield><datafield tag="510" ind1="4" ind2="0"><subfield code="a">Dada global, 1994</subfield><subfield code="c">S. 168, Nr. 74</subfield></datafield><datafield tag="600" ind1="1" ind2="4"><subfield code="a">Huelsenbeck, Richard</subfield><subfield code="d">1892 - 1974</subfield></datafield><datafield tag="600" ind1="1" ind2="4"><subfield code="a">Hausmann, Raoul</subfield><subfield code="d">12.7.1886 - 1.2.1971</subfield></datafield><datafield tag="600" ind1="1" ind2="4"><subfield code="a">Golyscheff, Jef</subfield></datafield><datafield tag="650" ind1="0" ind2="4"><subfield code="a">Flugblatt</subfield></datafield><datafield tag="651" ind1="0" ind2="4"><subfield code="a">Zürich</subfield><subfield code="x">Kunsthaus Zürich</subfield><subfield code="x">Dadaismus</subfield><subfield code="x">Sammlung</subfield></datafield><datafield tag="852" ind1="4" ind2="0"><subfield code="a">CH-000273-5</subfield><subfield code="c">DADA V:3 / DS 4</subfield></datafield><datafield tag="856" ind1="4" ind2="1"><subfield code="u">https://digital.kunsthaus.ch/viewer/image/26077/1/</subfield><subfield code="y">Kunsthaus Zürich Sammlungen online</subfield></datafield></record></collection>